000 00299nam a22001337a 4500
008 170419b xxu||||| |||| 00| 0 eng d
020 _a9781269382441
041 _aeng
080 _a573
100 _a11
101 _aSHM
245 _aMOLLECULAR & CELLULAR BIOLOGY
_cFREEMAN, S
942 _2udc
_cBK
999 _c11084
_d11084